| 000 | 00478nam a2200157Ia 4500 | ||
|---|---|---|---|
| 008 | 160316s1981 xxu||||| |||| 00| 0 eng d | ||
| 082 |
_a355.031000 _bIRE |
||
| 100 | _aIreland Timothy P | ||
| 245 | _aCreating the entangling alliance : The origins of the North Atlantic treaty organisation | ||
| 250 | _a | ||
| 260 |
_aConnecticut _bGreenwood Press _c1981 |
||
| 300 |
_a245p _b20 cm _cx |
||
| 365 | _b$27.50 | ||
| 650 | _a1.North Atlantic - Treaty - Organisation | ||
| 700 |
_a _a |
||
| 999 |
_c4103 _d4103 |
||